| 000 | 00380 a2200133 4500 | ||
|---|---|---|---|
| 003 | Nust | ||
| 005 | 20170207154037.0 | ||
| 040 | _cNust | ||
| 100 | _aVedran Kordic ,Aleksandar Lazinica ,Munir Merdan | ||
| 245 |
_aCutting Edge Robotics (E-Book) _cVedran Kordic ,Aleksandar Lazinica, Munir Merdan |
||
| 260 |
_aCroatia _bIn-Tech intechweb.org _c2005 |
||
| 300 | _bx,784.p | ||
| 651 | _aE-Book | ||
| 942 |
_2ddc _cBK |
||
| 999 |
_c192431 _d192431 |
||